| 000 | 00828nam a2200265 a 4500 | ||
|---|---|---|---|
| 001 | 000028512 | ||
| 003 | DO-SdBNP | ||
| 005 | 20250123134634.0 | ||
| 007 | ta | ||
| 008 | 110408s1979 dr ab 000 | spa d | ||
| 040 |
_aDO-SdBNP _bspa _cBNPHU _erda |
||
| 041 | _hspa | ||
| 082 |
_axxx _bA778ó _222 |
||
| 100 | 1 |
_aArrom, José Juan, _d1910-2007 _eautor _925397 |
|
| 245 | 1 | 3 |
_aLa otra hazaña de Colón / _cJosé Juan Arrom ; presentación de Bernardo Vega. |
| 264 |
_aSanto Domingo : _bMuseo del Hombre Dominicano, _c1979. |
||
| 300 |
_a37 p. : _bil., mapa ; _c20 cm. |
||
| 490 | 1 |
_aConferencias _v9 |
|
| 500 | _aIncluye notas al pie de las páginas. | ||
| 590 | _aInventariado, 2025/DG | ||
| 700 | 1 |
_aVega, Bernardo, _d1938 - _epresentación _93222 |
|
| 830 | 0 |
_aConferencias; _v9 _99567 |
|
| 910 | _aDG | ||
| 942 |
_2ddc _cLBS1 |
||
| 999 |
_c28004 _d28004 |
||